|
|
|
|
| LEADER |
01019nam a22002531a 4500 |
| 001 |
c000159640 |
| 003 |
CARM |
| 005 |
19960704000000.0 |
| 008 |
881116s1921 enka 000 0 eng d |
| 019 |
1 |
|
|a 12626821
|z 28483731
|5 LACONCORD2021
|
| 035 |
|
|
|a (OCoLC)29098264
|5 LACONCORD2021
|
| 040 |
|
|
|a QU
|b eng
|c QU
|
| 050 |
0 |
0 |
|a QE262.I85
|b W48
|
| 100 |
1 |
|
|a Osborne White, H. J.
|q (Harold James)
|
| 245 |
1 |
2 |
|a A short account of the geology of the Isle of Wight /
|c by H.J. Osborne White.
|
| 246 |
3 |
|
|a Geology of the Isle of Wight.
|
| 260 |
|
|
|a London :
|b H.M. Stationery Off,
|c 1921.
|
| 300 |
|
|
|a 219p :
|b ill ;
|c 25cm.
|
| 440 |
|
0 |
|a Memoirs of the geological survey of Great Britain, England and Wales.
|
| 504 |
|
|
|a Includes bibliography.
|
| 650 |
|
0 |
|a Geology
|z England
|z Isle of Wight.
|
| 852 |
8 |
|
|b CARM
|h A2:AL36F0
|i C05243
|p 0210218
|f BK
|
| 999 |
f |
f |
|i 011d2c5b-3e13-54c7-9e5c-c034f82cc98a
|s 80b7c96f-7fde-5534-92e1-27432b28f988
|
| 952 |
f |
f |
|p Can circulate
|a CAVAL
|b CAVAL
|c CAVAL
|d CARM 1 Store
|e C05243
|f A2:AL36F0
|h Other scheme
|i book
|m 0210218
|